000 00342nam a2200145Ia 4500
008 191201s2005 xx 000 0 und d
082 _a629.2
_bSIA
100 _aSINGH, R K
245 0 _aAutomobile Engineering
250 _a2nd
260 _aN.Delhi
_bS K Kataria and Sons
_c2005
300 _a319
650 _aB.Tech(ME)
942 _2ddc
_cBK
999 _c1147
_d1147